Normal view
MARC view
- Architectural rendering
Entry Topical Term
001 - CONTROL NUMBER
- control field: 100323
003 - CONTROL NUMBER IDENTIFIER
- control field: NUST
005 - DATE AND TIME OF LATEST TRANSACTION
- control field: 20221014121104.0
008 - FIXED-LENGTH DATA ELEMENTS
- fixed length control field: 221014|| aca||aabn | a|a d
040 ## - CATALOGING SOURCE
- Original cataloging agency: NUST
- Transcribing agency: NUST
150 ## - HEADING--TOPICAL TERM
- Topical term or geographic name entry element: Architectural rendering
670 ## - SOURCE DATA FOUND
- Source citation: Work cat.: (NUST)185841: Lockard, William Kirby, 100322, Design drawing experiences /, 1975.
